|
|
|
|
| LEADER |
01709nam a2200397 a 4500 |
| 001 |
EBC3408736 |
| 003 |
MiAaPQ |
| 005 |
20200520144314.0 |
| 006 |
m o d | |
| 007 |
cr cn||||||||| |
| 008 |
120514s2013 nyua sb s001 0 eng d |
| 010 |
|
|
|z 2012018265
|
| 020 |
|
|
|z 9781438446264 (pbk. : alk. paper)
|
| 020 |
|
|
|z 9781438446271 (hardcover)
|
| 020 |
|
|
|a 9781438446288 (electronic bk.)
|
| 035 |
|
|
|a (MiAaPQ)EBC3408736
|
| 035 |
|
|
|a (Au-PeEL)EBL3408736
|
| 035 |
|
|
|a (CaPaEBR)ebr10695151
|
| 035 |
|
|
|a (OCoLC)842138336
|
| 040 |
|
|
|a MiAaPQ
|c MiAaPQ
|d MiAaPQ
|
| 050 |
|
4 |
|a HD57.7
|b .F673 2013
|
| 082 |
0 |
4 |
|a 658.4/092
|2 23
|
| 100 |
1 |
|
|a Forman, John P.,
|d 1958-
|
| 245 |
1 |
0 |
|a Integral leadership
|h [electronic resource] :
|b the next half-step /
|c John P. Forman and Laurel A. Ross.
|
| 260 |
|
|
|a Albany :
|b Excelsior Editions,
|c c2013.
|
| 300 |
|
|
|a x, 215 p. :
|b ill.
|
| 490 |
1 |
|
|a SUNY series in integral theory
|
| 504 |
|
|
|a Includes bibliographical references and index.
|
| 505 |
0 |
|
|a The pending second axial age -- Necessary leadership -- A platform for dialogue -- Integral basics -- The behavioral quadrant -- The structural quadrant -- The intentional quadrant -- The cultural quadrant -- Putting the quadrants all together -- As easy as walking.
|
| 533 |
|
|
|a Electronic reproduction. Ann Arbor, MI : ProQuest, 2015. Available via World Wide Web. Access may be limited to ProQuest affiliated libraries.
|
| 650 |
|
0 |
|a Leadership.
|
| 655 |
|
4 |
|a Electronic books.
|
| 700 |
1 |
|
|a Ross, Laurel A.,
|d 1958-
|
| 710 |
2 |
|
|a ProQuest (Firm)
|
| 830 |
|
0 |
|a SUNY series in integral theory.
|
| 856 |
4 |
0 |
|u https://ebookcentral.proquest.com/lib/matrademy/detail.action?docID=3408736
|z Click to View
|